[Event "Open Aubagne 2022/2023"]
[Site "Aubagne"]
[Date "2022.10.08"]
[Round "1.1"]
[White "Cescon, Moreno"]
[Black "Normand, Christophe"]
[Result "1-0"]
[WhiteElo "1675"]
[BlackElo "1219"]
[PlyCount "70"]
[WhiteTeam "Club d'Echecs Pennois (CEP)"]
[BlackTeam "Club d'Echecs Pennois (CEP)"]

1. e4 d6 2. d4 g6 3. f4 Bg7 4. Nf3 Nf6 5. Bd3 Bg4 6. O-O c5 7. c3 Nbd7 8. h3
Bxf3 9. Qxf3 O-O 10. Nd2 Qc7 11. Nc4 b5 12. Ne3 e5 13. fxe5 dxe5 14. d5 Rae8
15. Bxb5 a6 16. Ba4 Rb8 17. Ng4 Rb6 18. Bxd7 Qxd7 19. Nxe5 Qd6 20. Nc4 Qd8 21.
Nxb6 Qxb6 22. Rb1 Re8 23. Re1 Nxd5 24. Bg5 h6 25. Bh4 Nc7 26. Rf1 Qe6 27. b3
Nb5 28. Rbc1 Nd6 29. c4 f5 30. exf5 Nxf5 31. Rce1 Bd4+ 32. Bf2 Bxf2+ 33. Qxf2
Qf7 34. Qxc5 Rxe1 35. Rxe1 Kg7 1-0

[Event "Open Aubagne 2022/2023"]
[Site "Aubagne"]
[Date "2022.10.08"]
[Round "1.2"]
[White "Maggio, Lucas"]
[Black "Battaglia, Gerard"]
[Result "0-1"]
[WhiteElo "1202"]
[BlackElo "1674"]
[PlyCount "126"]
[WhiteTeam "Cercle d'Echecs Aubagnais"]
[BlackTeam "Echiquier Marseillais 1872"]

1. c4 e5 2. g3 Nf6 3. Bg2 c6 4. d4 e4 5. Bg5 d5 6. Bxf6 Qxf6 7. Nc3 Bb4 8. e3
O-O 9. Nge2 Be6 10. O-O Na6 11. Nf4 Rad8 12. Nxe6 fxe6 13. a3 Be7 14. b4 Nc7
15. c5 Qh6 16. Qg4 Bg5 17. Nd1 Rf7 18. h4 Bf6 19. Nc3 e5 20. Ne2 Rdf8 21. dxe5
Bxe5 22. Ra2 g6 23. Nd4 Re7 24. Bh3 Bxd4 25. exd4 Qg7 26. h5 g5 27. a4 h6 28.
Rd1 Ne6 29. Rad2 Rf3 30. b5 Ra3 31. bxc6 bxc6 32. Rb1 Rf3 33. Rb8+ Rf8 34.
Rxf8+ Qxf8 35. Qf5 Qxf5 36. Bxf5 Ng7 37. Bg6 Rb7 38. a5 Rb4 39. a6 Ne6 40. Be8
Nd8 41. Bd7 Kf7 42. Bf5 Ra4 43. Bc8 Ne6 44. Rb2 Nxd4 45. Rb7+ Kf6 46. Rxa7 Ra1+
47. Kg2 Nf3 48. Kh3 Rh1+ 49. Kg2 Rxh5 50. Bg4 Rh2+ 51. Kf1 Rh1+ 52. Kg2 Rg1+
53. Kh3 Ra1 54. Bxf3 exf3 55. Kg4 Ke5 56. Re7+ Kd4 57. a7 Kxc5 58. Kxf3 Kc4 59.
Re6 c5 60. Ke2 Rxa7 61. Rxh6 Kc3 62. Rd6 d4 63. Rd5 Ra2+ 0-1

[Event "Open Aubagne 2022/2023"]
[Site "Aubagne"]
[Date "2022.10.08"]
[Round "1.3"]
[White "Tramarin, Matteo"]
[Black "Belaid, Myriam"]
[Result "1-0"]
[WhiteElo "1611"]
[BlackElo "1199"]
[PlyCount "53"]
[WhiteTeam "Cercle d'Echecs Aubagnais"]
[BlackTeam "Cercle d'Echecs Aubagnais"]

1. c4 d6 2. Nc3 Nf6 3. g3 e5 4. Bg2 Nbd7 5. Nf3 Be7 6. Rb1 b6 7. Nxe5 Rb8 8.
Nc6 O-O 9. Nxd8 Rxd8 10. Nb5 Ba6 11. Nxa7 Bxc4 12. Nc6 Bxa2 13. Ra1 Rb7 14.
Nxe7+ Kf8 15. Rxa2 Rbb8 16. Nc6 Ra8 17. Nxd8 Rxa2 18. Qb3 Ke8 19. Qxa2 Kxd8 20.
Qxf7 c5 21. d3 d5 22. Bg5 Kc7 23. Bxf6 gxf6 24. Bh3 Kb7 25. Qxd7+ Ka6 26. Kd2
d4 27. Ra1# 1-0

[Event "Open Aubagne 2022/2023"]
[Site "Aubagne"]
[Date "2022.10.08"]
[Round "1.4"]
[White "Hamici, Yanis"]
[Black "Mouhieddine, Hocine"]
[Result "0-1"]
[WhiteElo "1199"]
[BlackElo "1609"]
[PlyCount "65"]
[WhiteTeam "Echiquier Marseillais 1872"]
[BlackTeam "Echiquier Marseillais 1872"]

1. e4 d5 2. exd5 Qxd5 3. Nc3 Qa5 4. d3 Nf6 5. Bd2 c6 6. Nf3 Qc7 7. g3 e6 8. Bg2
Bd6 9. Qe2 O-O 10. O-O b6 11. Ne4 Nxe4 12. Qxe4 h6 13. Qg4 e5 14. Qh5 f6 15.
Nh4 Qf7 16. Ng6 Bd7 17. Bf3 Be8 18. Qf5 Bd7 19. Qh5 Rd8 20. Nh4 Qxh5 21. Bxh5
Be8 22. Bxe8 Rxe8 23. Nf5 Bf8 24. Rae1 c5 25. f4 Nc6 26. fxe5 Nxe5 27. Bf4 Nf3+
28. Rxf3 Rxe1+ 29. Rf1 Rxf1+ 30. Kxf1 Re8 31. Kg2 Kf7 32. Bd6 Ke6 33. Bxf8 0-1

[Event "Open Aubagne 2022/2023"]
[Site "Aubagne"]
[Date "2022.10.08"]
[Round "1.5"]
[White "Ghazarian, David"]
[Black "Hovaguimian, Gerard"]
[Result "1-0"]
[WhiteElo "1587"]
[BlackElo "1199"]
[PlyCount "83"]
[WhiteTeam "Cercle d'Echecs Aubagnais"]
[BlackTeam "Hay Chess"]

1. e4 c5 2. Nc3 d6 3. f4 Nf6 4. Nf3 e6 5. Bc4 h6 6. O-O Be7 7. e5 Nh7 8. d3 Nc6
9. exd6 Qxd6 10. Ne4 Qd8 11. Be3 b6 12. Bb5 Bd7 13. c3 a6 14. Ba4 Qc7 15. Rc1
O-O 16. d4 b5 17. Bc2 cxd4 18. cxd4 Nb4 19. Nf6+ Nxf6 20. Bh7+ Kxh7 21. Rxc7
Nbd5 22. Qd3+ g6 23. Rcc1 Ng4 24. Bd2 f5 25. Ne5 Nxe5 26. dxe5 Be8 27. Kh1 h5
28. a3 Kg7 29. Rc2 Bf7 30. Rfc1 Rfe8 31. Qf3 Rh8 32. Rc6 Kh7 33. Ba5 Kg7 34.
Bc7 Rhe8 35. Bd6 Kg8 36. Qf2 Bf8 37. g3 Red8 38. Qc5 Be8 39. Bxf8 Bxc6 40. Qxc6
Kxf8 41. Qxe6 Kg7 42. Rd1 1-0

[Event "Open Aubagne 2022/2023"]
[Site "Aubagne"]
[Date "2022.10.08"]
[Round "1.6"]
[White "Jaulmes-Monteiro, Kevin"]
[Black "Roganova, Maxime"]
[Result "0-1"]
[WhiteElo "1199"]
[BlackElo "1568"]
[PlyCount "46"]
[WhiteTeam "La Ciotat Echecs (LCE)"]
[BlackTeam "Cercle d'Echecs Aubagnais"]

1. e4 c5 2. d3 d6 3. Nc3 g6 4. Nf3 Bg7 5. Bf4 Nf6 6. e5 Nh5 7. Be3 Nc6 8. d4
cxd4 9. Bc4 dxe3 10. fxe3 Nxe5 11. Nxe5 Bxe5 12. Rf1 O-O 13. Bxf7+ Rxf7 14.
Rxf7 Kxf7 15. Qf3+ Kg8 16. Kd2 Bxc3+ 17. Kxc3 Qa5+ 18. Kd3 Qf5+ 19. Qe4 Qxe4+
20. Kxe4 Bf5+ 21. Kd5 Nf6+ 22. Kd4 Rc8 23. h3 e5# 0-1

[Event "Open Aubagne 2022/2023"]
[Site "Aubagne"]
[Date "2022.10.08"]
[Round "1.7"]
[White "Espanet, Fabien"]
[Black "Madi, Walid"]
[Result "1-0"]
[WhiteElo "1466"]
[BlackElo "1199"]
[PlyCount "77"]
[WhiteTeam "Cercle d'Echecs Aubagnais"]
[BlackTeam "Cercle d'Echecs Aubagnais"]

1. e4 c5 2. Nf3 d6 3. d4 cxd4 4. Nxd4 a6 5. Nc3 Nf6 6. Be3 e5 7. Nb3 Be6 8. f3
Be7 9. Qd2 O-O 10. O-O-O Nbd7 11. g4 b5 12. g5 Nh5 13. Nd5 Bxd5 14. exd5 Nb6
15. Na5 Qc7 16. Nc6 Bd8 17. f4 exf4 18. Bxb6 Qxb6 19. Be2 g6 20. Bxh5 gxh5 21.
Qxf4 Qc7 22. h4 Rc8 23. Qf3 Qd7 24. Qxh5 Rxc6 25. dxc6 Qxc6 26. Qh6 Bc7 27. h5
Qe4 28. g6 fxg6 29. hxg6 Qf4+ 30. Qxf4 Rxf4 31. gxh7+ Kh8 32. Rdf1 d5 33. Kd2
Rd4+ 34. Ke3 Re4+ 35. Kd3 Bd6 36. Rfg1 Re8 37. Rg8+ Rxg8 38. hxg8=Q+ Kxg8 39.
Rg1+ 1-0

[Event "Open Aubagne 2022/2023"]
[Site "Aubagne"]
[Date "2022.10.08"]
[Round "1.8"]
[White "Peucelle, Richard"]
[Black "Madi, Chahinez"]
[Result "0-1"]
[WhiteElo "1199"]
[BlackElo "1434"]
[PlyCount "92"]
[WhiteTeam "Cercle d'Echecs Aubagnais"]
[BlackTeam "Cercle d'Echecs Aubagnais"]

1. d4 Nf6 2. e3 g6 3. Bc4 Bg7 4. Nf3 O-O 5. O-O Nc6 6. b3 a6 7. c3 b5 8. Bd3 d6
9. h3 Bb7 10. Bb2 e5 11. dxe5 dxe5 12. Nbd2 Qxd3 13. Ne1 Qd7 14. Qc2 Rad8 15.
Nef3 Rfe8 16. Rad1 Qd3 17. Qxd3 Rxd3 18. Ne1 Rd7 19. Nc2 Red8 20. Bc1 Ne4 21.
f3 Nxd2 22. Rxd2 Rxd2 23. Bxd2 Rxd2 24. Na3 Rd3 25. c4 b4 26. Nc2 Rd2 27. Nxb4
Nxb4 28. a3 Nc2 29. e4 Ne3 30. Rf2 Rxf2 31. Kxf2 Nc2 32. a4 Nd4 33. Kg1 Nxb3
34. g3 Bc6 35. c5 Bxa4 36. Kh2 Bb5 37. c6 a5 38. f4 a4 39. fxe5 a3 40. e6 fxe6
41. h4 a2 42. g4 Be5+ 43. Kg2 a1=Q 44. h5 Nd2 45. Kf2 Qf1+ 46. Ke3 Qe2# 0-1

[Event "Open Aubagne 2022/2023"]
[Site "Aubagne"]
[Date "2022.10.08"]
[Round "1.9"]
[White "Gamblin, Vincent"]
[Black "Pretini, Augustin"]
[Result "1-0"]
[WhiteElo "1432"]
[BlackElo "1199"]
[PlyCount "93"]
[WhiteTeam "L'Echiquier du Roy René"]
[BlackTeam "Cercle d'Echecs Aubagnais"]

1. e4 e5 2. Nf3 Nc6 3. g3 Bc5 4. Bg2 Nf6 5. d3 d5 6. exd5 Qxd5 7. Nc3 Qe6 8.
O-O O-O 9. Re1 Rd8 10. Nb5 Bd6 11. Nxd6 Qxd6 12. Bg5 Bg4 13. h3 Bxf3 14. Bxf3
Nd4 15. Bg2 Qc5 16. c3 Ne6 17. Be3 Qb5 18. Re2 Rxd3 19. Qc2 Rad8 20. a4 Qa5 21.
Bxb7 Nc5 22. b4 Qb6 23. Bg2 Nfd7 24. bxc5 Nxc5 25. Be4 R3d6 26. Bxh7+ Kh8 27.
Be4 Qa5 28. Bxc5 Qxc5 29. Qb3 Rf8 30. Kg2 f5 31. Bc2 Rdf6 32. Rd1 f4 33. f3
fxg3 34. Rd5 Qc6 35. Be4 Qe6 36. Qd1 Rh6 37. Qh1 Qa6 38. Red2 Qxa4 39. Rd8 Kg8
40. Bd5+ Kh7 41. Rxf8 Qd7 42. Be4+ Rg6 43. Rxd7 a5 44. Bxg6+ Kxg6 45. Qb1+ Kh5
46. Qf5+ Kh6 47. Rh8# 1-0

[Event "Open Aubagne 2022/2023"]
[Site "Aubagne"]
[Date "2022.10.08"]
[Round "1.10"]
[White "Leonti, Denis"]
[Black "Lai, Bjorn"]
[Result "1/2-1/2"]
[WhiteElo "1198"]
[BlackElo "1420"]
[PlyCount "67"]
[WhiteTeam "Hay Chess"]
[BlackTeam "Club Provence Echecs"]

1. e4 e5 2. Nf3 Nc6 3. Bc4 Bc5 4. c3 Bb6 5. d4 Qe7 6. Bg5 Nf6 7. dxe5 Nxe5 8.
Nxe5 Qxe5 9. Bxf6 Qxe4+ 10. Qe2 Qxe2+ 11. Kxe2 gxf6 12. Re1 Kf8 13. Nd2 c6 14.
Rad1 d5 15. Bb3 Rg8 16. Kf1 Bc7 17. Nf3 Bg4 18. h3 Bxf3 19. gxf3 Bh2 20. Ke2
Re8+ 21. Kd2 Rxe1 22. Rxe1 Rg1 23. Rxg1 Bxg1 24. Ke3 Ke7 25. f4 Ke6 26. Bc2 h6
27. Ke2 Bh2 28. Kf3 f5 29. Bd3 a6 30. b3 Kf6 31. Bc2 b5 32. b4 Ke6 33. Bd3 Kf6
34. Bc2 1/2-1/2

[Event "Open Aubagne 2022/2023"]
[Site "Aubagne"]
[Date "2022.10.08"]
[Round "1.11"]
[White "Richard, Anthony"]
[Black "Pouliquen, Gilbert"]
[Result "1-0"]
[WhiteElo "1396"]
[BlackElo "1198"]
[PlyCount "73"]
[WhiteTeam "L'Echiquier du Roy René"]
[BlackTeam "Echiquier Marseillais 1872"]

1. c4 e5 2. Nc3 Nf6 3. Nf3 e4 4. Ng5 h6 5. Ngxe4 Nxe4 6. Nxe4 d5 7. cxd5 Qxd5
8. Nc3 Qc6 9. e3 Bd7 10. d4 Bb4 11. Qb3 a5 12. a3 Bxc3+ 13. Qxc3 Qxc3+ 14. bxc3
b5 15. Bd3 Bc6 16. O-O O-O 17. Rb1 Nd7 18. Bd2 Rfb8 19. c4 bxc4 20. Bxc4 Nb6
21. Bd3 a4 22. Rfc1 Be8 23. Rxc7 Nd5 24. Rcb7 Rxb7 25. Rxb7 g6 26. e4 Bc6 27.
Rb1 Nf6 28. f3 Kh7 29. Rb6 Rc8 30. d5 Bxd5 31. exd5 Nxd5 32. Rd6 Nc3 33. Rd4
Kg7 34. Rc4 Rxc4 35. Bxc4 Nd1 36. Be2 Nb2 37. Bc3+ 1-0

[Event "Open Aubagne 2022/2023"]
[Site "Aubagne"]
[Date "2022.10.08"]
[Round "1.12"]
[White "Beneddra, Nassim"]
[Black "Benezra, David"]
[Result "0-1"]
[WhiteElo "1149"]
[BlackElo "1376"]
[PlyCount "100"]
[WhiteTeam "Echiquier Marseillais 1872"]
[BlackTeam "L'Echiquier du Roy René"]

1. e4 c5 2. d4 cxd4 3. c3 e6 4. cxd4 a6 5. Nf3 Nf6 6. e5 Nd5 7. a3 b5 8. b4 Qc7
9. Bb2 d6 10. Be2 Nd7 11. Qc1 Qb8 12. Nc3 Bb7 13. Nxd5 Bxd5 14. O-O Be7 15. Qf4
O-O 16. Qg3 Nb6 17. Bc1 Be4 18. Bh6 Bg6 19. Bf4 d5 20. h4 h6 21. h5 Bxh5 22.
Bxh6 Bg6 23. Bd3 gxh6 24. Bxg6 Qd8 25. Bd3+ Bg5 26. Kh2 Kh8 27. Rh1 Rg8 28. Qh3
Qf8 29. Kg1 Rc8 30. Nxg5 Rxg5 31. Qxh6+ Qxh6 32. Rxh6+ Kg7 33. Rh7+ Kg8 34. Rh3
Rg4 35. Bh7+ Kf8 36. Rd1 Rc4 37. Rhd3 Kg7 38. Rh3 Rcxd4 39. Re1 Nc4 40. Bb1 Rg5
41. Ba2 Rxe5 42. Rg3+ Kf6 43. Rf3+ Rf5 44. Rxf5+ Kxf5 45. Bxc4 Rxc4 46. Re3 e5
47. f3 d4 48. Re2 d3 49. Rd2 Kf4 50. Kf1 Ke3 0-1

[Event "Open Aubagne 2022/2023"]
[Site "Aubagne"]
[Date "2022.10.08"]
[Round "1.13"]
[White "Roche, Alain"]
[Black "Belaid, Noa"]
[Result "1-0"]
[WhiteElo "1331"]
[BlackElo "1146"]
[PlyCount "141"]
[WhiteTeam "Echiquier Marseillais 1872"]
[BlackTeam "Cercle d'Echecs Aubagnais"]

1. e4 c5 2. Nf3 d6 3. c3 e5 4. Bc4 Nf6 5. Qc2 Nc6 6. O-O Be7 7. d3 O-O 8. Be3
b6 9. a3 Bb7 10. Nbd2 Rc8 11. Bd5 Nxd5 12. exd5 Nb8 13. c4 Nd7 14. b4 Bf6 15.
b5 e4 16. dxe4 Bxa1 17. Rxa1 h6 18. Nf1 Re8 19. Ng3 Ne5 20. Qe2 Qf6 21. Re1
Nxf3+ 22. gxf3 a6 23. a4 a5 24. Kh1 Re5 25. f4 Ree8 26. Nh5 Qe7 27. f3 g6 28.
Rg1 Kh7 29. Qb2 Rg8 30. Nf6+ Kg7 31. e5 Rgd8 32. Nh5+ Kf8 33. e6 fxe6 34. Rxg6
e5 35. Qg2 Qh7 36. Rg7 Qb1+ 37. Bg1 Qf5 38. Rg8+ Ke7 39. Rg7+ Kf8 40. Rg8+ Ke7
41. Rg7+ Kf8 42. Rxb7 Rd7 43. Rxd7 Qxd7 44. Qg6 Rc7 45. fxe5 dxe5 46. d6 Ra7
47. Qf6+ Qf7 48. Qh8+ Qg8 49. Qxe5 Qxc4 50. Nf6 Qf7 51. Be3 Qg6 52. d7 Rxd7 53.
Nxd7+ Kf7 54. Qf4+ Kg7 55. Ne5 Qe6 56. Qg3+ Kh7 57. Bf4 c4 58. Bd2 Qf5 59. Kg2
Qc2 60. Qf4 Qb2 61. Kh3 Qa3 62. Qxh6+ Kg8 63. Bg5 Qf8 64. Qe6+ Kh7 65. Nf7 c3
66. Qe4+ Kg8 67. Nh6+ Kh8 68. Qe5+ Kh7 69. Qxc3 Qe8 70. Qc7+ Kg6 71. Qc6+ 1-0

[Event "Open Aubagne 2022/2023"]
[Site "Aubagne"]
[Date "2022.10.08"]
[Round "1.14"]
[White "Turpin, Isabelle"]
[Black "Rescanieres, Alice"]
[Result "0-1"]
[WhiteElo "1138"]
[BlackElo "1305"]
[PlyCount "104"]
[WhiteTeam "Cercle d'Echecs Aubagnais"]
[BlackTeam "Cassis Echecs"]

1. d4 Nf6 2. Nf3 d6 3. Nc3 g6 4. Bg5 Bg7 5. Qd2 h6 6. Bxf6 Bxf6 7. e4 O-O 8.
Qf4 Bg7 9. Bd3 Nc6 10. Ne2 e5 11. dxe5 dxe5 12. Nxe5 Nxe5 13. O-O-O Qf6 14. Qd2
Nxd3+ 15. cxd3 Qxf2 16. Rhf1 Qxg2 17. h4 Bg4 18. Nf4 Qxd2+ 19. Rxd2 Bf6 20. Rh1
b5 21. Nd5 Be5 22. d4 Bd6 23. Nf6+ Kh8 24. Nxg4 Bf4 25. h5 Bxd2+ 26. Kxd2 gxh5
27. Rxh5 Rfd8 28. Rxh6+ Kg7 29. Ke3 Re8 30. e5 f5 31. Rh4 fxg4 32. Rxg4+ Kf7
33. Rf4+ Ke6 34. Rf6+ Kd5 35. Rf5 b4 36. Rf7 c5 37. Rd7+ Kc4 38. b3+ Kc3 39.
dxc5 Rxe5+ 40. Kf4 Rxc5 41. Re7 Rf8+ 42. Ke3 Rff5 43. Ke4 Kb2 44. Rxa7 Ra5 45.
Rb7 Rh5 46. Kd3 Rxa2 47. Rxb4 Rh3+ 48. Kd2 Rxb3 49. Rc4 Ka1+ 50. Kd1 Rb1+ 51.
Rc1 Rxc1+ 52. Kxc1 Rh2 0-1

[Event "Open Aubagne 2022/2023"]
[Site "Aubagne"]
[Date "2022.10.08"]
[Round "1.15"]
[White "Cotton, Paul"]
[Black "Boudet, Nicole"]
[Result "1-0"]
[WhiteElo "1302"]
[BlackElo "1137"]
[PlyCount "100"]
[WhiteTeam "Cercle d'Echecs Aubagnais"]
[BlackTeam "Club d'Echecs Pennois (CEP)"]

1. c4 e5 2. d3 Nf6 3. Nc3 c6 4. Nf3 d6 5. g3 Bg4 6. Bg2 Be7 7. h3 Be6 8. O-O h6
9. a3 d5 10. Nxe5 d4 11. Nb1 Bd6 12. Nf3 Bc7 13. b4 Qd7 14. Kh2 a5 15. Bb2 Na6
16. Nxd4 Ng4+ 17. hxg4 Bxg4 18. b5 Nb8 19. Qa4 Be5 20. e3 c5 21. f4 Bf6 22. Nb3
Bxb2 23. Nxc5 Qe7 24. Ra2 Bf6 25. b6+ Bd7 26. Nxd7 Qxd7 27. Qxd7+ Nxd7 28. d4
Nxb6 29. c5 Nd7 30. Bxb7 Rb8 31. Bc6 Rb3 32. Re1 Ke7 33. Nd2 Rbb8 34. Nc4 g5
35. Nxa5 g4 36. Bd5 Kf8 37. Nc6 Rc8 38. Rb1 Kg7 39. Rb7 Bd8 40. Rxd7 Rc7 41.
Rxd8 f6 42. Rxh8 Kxh8 43. a4 Kg7 44. a5 Kg6 45. a6 Rc8 46. Ne7+ Kh5 47. Nxc8
Kg6 48. a7 h5 49. Ne7+ Kh7 50. a8=Q Kh6 1-0

[Event "Open Aubagne 2022/2023"]
[Site "Aubagne"]
[Date "2022.10.08"]
[Round "1.16"]
[White "Roganova, Jeremy"]
[Black "Moerenhout, Jean Claude"]
[Result "1-0"]
[WhiteElo "1136"]
[BlackElo "1293"]
[PlyCount "37"]
[WhiteTeam "Cercle d'Echecs Aubagnais"]
[BlackTeam "Cercle d'Echecs Aubagnais"]

1. e4 c5 2. d4 cxd4 3. c3 dxc3 4. Nxc3 Nc6 5. Nf3 d6 6. Bc4 e6 7. O-O a6 8. Qe2
Nf6 9. Rd1 Be7 10. e5 b5 11. Bb3 Nd5 12. Nxd5 exd5 13. Bxd5 Qc7 14. exd6 Qxd6
15. Bxf7+ Kxf7 16. Rxd6 Bxd6 17. Ng5+ Kg8 18. Qe8+ Bf8 19. Qf7# 1-0

[Event "Open Aubagne 2022/2023"]
[Site "Aubagne"]
[Date "2022.10.08"]
[Round "1.17"]
[White "Roux, Jean-Marie"]
[Black "Duconseille, Doriane"]
[Result "0-1"]
[WhiteElo "1292"]
[BlackElo "1110"]
[PlyCount "96"]
[WhiteTeam "L'Echiquier du Roy René"]
[BlackTeam "Echiquier Marseillais 1872"]

1. e4 c5 2. Nf3 d6 3. Bc4 Nf6 4. d3 Nc6 5. Nc3 g6 6. Bg5 Bg7 7. Qd2 h6 8. Be3
Ng4 9. h3 Nxe3 10. Qxe3 O-O 11. O-O-O Kh7 12. Kb1 Qb6 13. g4 Bxc3 14. b3 Qa5
15. Qc1 Bd7 16. Nh4 Nb4 17. a4 Bxa4 18. Qa3 Nc6 19. bxa4 Rab8 20. Ka2 Bb4 21.
Qb3 Nd4 22. Qb2 Qxa4+ 23. Kb1 Ne2 24. Rde1 Nc3+ 25. Kc1 Ba3 26. Bb3 Bxb2+ 27.
Kxb2 Qd4 28. Kc1 Qxf2 29. Nf5 gxf5 30. gxf5 Rg8 31. Bxf7 Rg2 32. Bb3 Qf4+ 33.
Kb2 Qe5 34. Kc1 a5 35. Rhg1 a4 36. Rxg2 axb3 37. cxb3 Na2+ 38. Rxa2 Qc3+ 39.
Kd1 Qxb3+ 40. Rc2 Ra8 41. Kd2 Qb4+ 42. Ke2 Rg8 43. Rf1 Rg2+ 44. Kd1 Rxc2 45.
Kxc2 c4 46. f6 cxd3+ 47. Kc1 d2+ 48. Kc2 Qc4+ 0-1

[Event "Open Aubagne 2022/2023"]
[Site "Aubagne"]
[Date "2022.10.08"]
[Round "1.18"]
[White "Gregot, Adrien"]
[Black "Roman, Sylvian"]
[Result "0-1"]
[WhiteElo "1099"]
[BlackElo "1284"]
[PlyCount "138"]
[WhiteTeam "La Ciotat Echecs (LCE)"]
[BlackTeam "Cercle d'Echecs Aubagnais"]

1. e4 e5 2. Nf3 Nc6 3. Bb5 a6 4. Bxc6 dxc6 5. Nxe5 Qd4 6. Nd3 Qxe4+ 7. Qe2
Qxe2+ 8. Kxe2 Nf6 9. Re1 Bd6 10. Kf1+ Be6 11. Kg1 O-O 12. Nc3 Bc4 13. b3 Bxd3
14. cxd3 Rae8 15. Bb2 Be5 16. Ba3 Bd6 17. Bb2 Rxe1+ 18. Rxe1 Re8 19. Re2 Rxe2
20. Nxe2 Ng4 21. g3 Ne5 22. Bxe5 Bxe5 23. d4 Bd6 24. Nc3 Bb4 25. Ne4 f5 26. Nc3
Kf7 27. Kf1 Ke6 28. Ke2 b5 29. a4 bxa4 30. bxa4 g5 31. f4 g4 32. Ke3 h5 33. Kd3
Be7 34. Ke3 h4 35. Kd3 hxg3 36. hxg3 Bd6 37. Ke3 Bb4 38. Kd3 Kd6 39. Ke3 c5 40.
dxc5+ Bxc5+ 41. Kd3 Bf2 42. Ne2 Kc5 43. Kc3 a5 44. d4+ Kd5 45. Kd3 c5 46. dxc5
Kxc5 47. Kc3 Be1+ 48. Kb3 Kd5 49. Nc3+ Bxc3 50. Kxc3 Ke4 51. Kc4 Kf3 52. Kb5
Kxg3 53. Kc4 Kh2 54. Kd5 g3 55. Ke6 g2 56. Kf6 g1=Q 57. Kxf5 Kh3 58. Ke4 Qa1
59. f5 Qxa4+ 60. Ke5 Qe8+ 61. Kd5 Kg4 62. f6 Kg5 63. f7 Qxf7+ 64. Ke4 Qd7 65.
Ke3 Qd5 66. Ke2 Kf4 67. Kf2 Qd2+ 68. Kg1 Kf3 69. Kh1 Qg2# 0-1

[Event "Open Aubagne 2022/2023"]
[Site "Aubagne"]
[Date "2022.10.08"]
[Round "1.19"]
[White "Evrard, Nicolas"]
[Black "Ravel, Paul"]
[Result "1-0"]
[WhiteElo "1283"]
[BlackElo "1099"]
[PlyCount "43"]
[WhiteTeam "Salon Nostradamus"]
[BlackTeam "La Ciotat Echecs (LCE)"]

1. d4 d5 2. c4 Nf6 3. Nc3 Nc6 4. Bg5 h6 5. Bxf6 gxf6 6. Nf3 e6 7. cxd5 exd5 8.
a3 Bg4 9. e3 b5 10. Bxb5 a6 11. Bxc6+ Ke7 12. Bxa8 Qxa8 13. Qb3 c6 14. Qb6 Bxf3
15. gxf3 Rg8 16. O-O-O h5 17. Rdg1 Bh6 18. Qc7+ Ke6 19. Na4 Rc8 20. Nc5+ Kf5
21. Qxf7 Bf8 22. Qxh5# 1-0

[Event "Open Aubagne 2022/2023"]
[Site "Aubagne"]
[Date "2022.10.08"]
[Round "1.20"]
[White "Touaoula, Rachid"]
[Black "Tramarin, Lucas"]
[Result "1-0"]
[WhiteElo "1090"]
[BlackElo "1275"]
[PlyCount "73"]
[WhiteTeam "Echiquier Marseillais 1872"]
[BlackTeam "Cercle d'Echecs Aubagnais"]

1. d4 d6 2. c4 Nf6 3. Nc3 g6 4. Nf3 Bg7 5. g3 O-O 6. Bg2 Nbd7 7. O-O c6 8. Re1
Qc7 9. e4 e5 10. h3 Rd8 11. Be3 a6 12. Rc1 c5 13. d5 Nb6 14. b3 Bd7 15. Qd2 Nc8
16. Bg5 Na7 17. Rb1 b5 18. Qe3 Rab8 19. Nd2 b4 20. Nd1 Re8 21. Bxf6 Bxf6 22. h4
h5 23. Nb2 Bg7 24. Nd3 Kh7 25. Nf3 Bh6 26. Ng5+ Kg7 27. f4 Bxg5 28. fxg5 Bg4
29. Rf1 Rf8 30. Rf6 Rbe8 31. Rbf1 Re7 32. Qf2 Qd7 33. Rxg6+ Kxg6 34. Qf6+ Kh7
35. Qh6+ Kg8 36. g6 fxg6 37. Rxf8# 1-0

[Event "Open Aubagne 2022/2023"]
[Site "Aubagne"]
[Date "2022.10.08"]
[Round "1.21"]
[White "Madi, Mohammed"]
[Black "Lopez, Marcel"]
[Result "1-0"]
[WhiteElo "1249"]
[BlackElo "1070"]
[PlyCount "47"]
[WhiteTeam "Cercle d'Echecs Aubagnais"]
[BlackTeam "Cassis Echecs"]

1. e4 Nc6 2. Nc3 b6 3. d4 Bb7 4. Be3 e6 5. Bd3 h6 6. Nge2 a6 7. O-O Nge7 8. a3
d5 9. e5 Qd7 10. Ng3 Na5 11. f4 Nc4 12. Qc1 Nxe3 13. Qxe3 Nc6 14. f5 O-O-O 15.
fxe6 fxe6 16. Qe2 Nxd4 17. Qe3 Nc6 18. Rf2 Ne7 19. Qe2 d4 20. Nce4 Nd5 21. Bxa6
b5 22. Bxb7+ Kxb7 23. Rxf8 Rdxf8 24. Nc5+ 1-0

[Event "Open Aubagne 2022/2023"]
[Site "Aubagne"]
[Date "2022.10.08"]
[Round "1.22"]
[White "Pegon, Claude"]
[Black "Autouard, Jean-Luc"]
[Result "0-1"]
[WhiteElo "1063"]
[BlackElo "1237"]
[PlyCount "64"]
[WhiteTeam "Cassis Echecs"]
[BlackTeam "Cercle d'Echecs Aubagnais"]

1. e4 c5 2. Nf3 d6 3. g3 Nf6 4. Nc3 a6 5. Bg2 e5 6. O-O Be7 7. a3 O-O 8. d3 Nc6
9. h3 Be6 10. Bg5 Ne8 11. Bxe7 Qxe7 12. Qd2 Qd7 13. Na4 Qc7 14. Nc3 f5 15. Rfe1
f4 16. g4 Nd4 17. Ng5 Qe7 18. Nxe6 Qxe6 19. Nd5 f3 20. Bf1 Rf7 21. c3 Nb3 22.
Qe3 Nxa1 23. Rxa1 b5 24. b3 Rc8 25. Rc1 Nc7 26. c4 Nxd5 27. exd5 Qg6 28. Qd2 h5
29. g5 Rf4 30. Qa5 Qxg5+ 31. Kh2 Rff8 32. Qxa6 Qxc1 0-1

[Event "Open Aubagne 2022/2023"]
[Site "Aubagne"]
[Date "2022.10.08"]
[Round "1.23"]
[White "Rocchia, Alex"]
[Black "Burnel, Marie-France"]
[Result "1-0"]
[WhiteElo "1223"]
[BlackElo "1037"]
[PlyCount "104"]
[WhiteTeam "Cassis Echecs"]
[BlackTeam "Cercle d'Echecs Aubagnais"]

1. e4 e5 2. Nf3 Nc6 3. Bc4 h6 4. c3 Nf6 5. d3 d6 6. Nbd2 Na5 7. Bb5+ c6 8. Ba4
b5 9. Bc2 Bd7 10. Nf1 Be7 11. Ng3 g5 12. O-O Qc8 13. b4 Nb7 14. Bb3 c5 15. a3
c4 16. Ba2 Bg4 17. Nf5 Bf8 18. Re1 Bh5 19. Re3 d5 20. exd5 Qxf5 21. Qe1 e4 22.
dxe4 Qg6 23. Bb1 Qg7 24. Nd4 Bd6 25. Nf5 Qf8 26. Nxd6+ Qxd6 27. e5 Qxd5 28.
exf6+ Kf8 29. Re7 Nd6 30. Be4 Nxe4 31. Rxe4 Qf5 32. Bb2 Qxf6 33. Qe3 a6 34. Re1
Kg7 35. Re7 Bg6 36. Rb7 Kh7 37. Rb6 Qd8 38. Rc6 Qd7 39. Rc5 Rhe8 40. Re5 Rxe5
41. Qxe5 Qd2 42. Bc1 Qa2 43. Qe3 Rd8 44. h4 Rd3 45. Qe5 Qb3 46. hxg5 h5 47. Qe8
Qxc3 48. Kf1 Rd5 49. Qf8 Rxg5 50. Bxg5 Qd3+ 51. Kg1 Qc3 52. Qh6+ Kg8 1-0

[Event "Open Aubagne 2022/2023"]
[Site "Aubagne"]
[Date "2022.10.08"]
[Round "1.24"]
[White "Lognos, Lina"]
[Black "Periale, Albert"]
[Result "0-1"]
[WhiteElo "1023"]
[BlackElo "1221"]
[PlyCount "66"]
[WhiteTeam "Cercle d'Echecs Aubagnais"]
[BlackTeam "Cercle d'Echecs Aubagnais"]

1. c4 e5 2. d3 c6 3. Nc3 Nf6 4. Nf3 d6 5. g3 Be6 6. Bg2 Be7 7. O-O O-O 8. Ng5
Bf5 9. e4 Bg6 10. a4 a5 11. b3 Nbd7 12. Bb2 Nxe4 13. Ngxe4 f5 14. Nd2 Nc5 15.
Nf3 Qb6 16. Ra3 Bh5 17. Qc2 Bg6 18. Bc1 f4 19. gxf4 Bxd3 20. Qb2 Bxf1 21. Kxf1
Nd3 22. Qd2 Nxf4 23. Bh1 Qd8 24. Ne4 d5 25. Ra1 dxe4 26. Nxe5 Qxd2 27. Bxd2 Ne6
28. Bxe4 Bg5 29. Rd1 Bxd2 30. Rxd2 Rad8 31. Bd3 Nf4 32. Be2 Nxe2 33. Kxe2 Rde8
0-1

[Event "Open Aubagne 2022/2023"]
[Site "Aubagne"]
[Date "2022.11.19"]
[Round "2.1"]
[White "Rescanieres, Alice"]
[Black "Cescon, Moreno"]
[Result "0-1"]
[WhiteElo "1316"]
[BlackElo "1677"]
[PlyCount "62"]
[WhiteTeam "Cassis Echecs"]
[BlackTeam "Club d'Echecs Pennois (CEP)"]

1. e4 e5 2. Nf3 d6 3. Bc4 Be7 4. Nc3 Nc6 5. O-O Na5 6. Be2 f5 7. d4 fxe4 8.
Nxe4 d5 9. Nc3 e4 10. Ne5 Nf6 11. a3 O-O 12. Re1 c5 13. dxc5 Bxc5 14. b4 Bd6
15. Ng4 Nxg4 16. Bxg4 Bxg4 17. Qxg4 Qf6 18. Be3 Qe5 19. Qg3 Nc4 20. Ne2 Nxe3
21. fxe3 Qf6 22. Qg4 Rae8 23. Rf1 Qe5 24. g3 Rf6 25. Rac1 Ref8 26. Rxf6 Qxf6
27. Nf4 Bxf4 28. gxf4 d4 29. exd4 Qxd4+ 30. Kf1 e3 31. Rd1 Rxf4+ {Abandon des
blancs} 0-1